[Event "Skalica Rapid 2020"]
[Site "Skalica"]
[Date "2020.08.29"]
[Round "2.2"]
[White "Skreno Vladimir"]
[Black "Basso Pier Luigi"]
[Result "0-1"]
[WhiteElo "2089"]
[BlackElo "2443"]
[Annotator "TA"]
[PlyCount "118"]
[EventDate "2020.08.29"]
[EventType "swiss"]
[EventCountry "SVK"]
[SourceTitle "playchess.com"]
[Source "ChessBase"]
[SourceQuality "1"]

{[%evp 18,118,12,5,5,0,4,-16,9,4,15,-92,-89,-84,-67,-106,-83,-139,-140,-145,-145,-152,-140,-176,-148,-145,-109,-115,-97,-94,-91,-83,-87,-80,-64,-95,-82,-135,-104,-103,-97,-96,-122,-115,-103,-152,-142,-154,-83,-90,-83,-81,-72,-69,-79,-72,-53,-58,-42,-47,-12,-47,-52,-67,-52,-75,-70,-112,-45,-35,-42,-42,-43,-64,-82,-70,-41,-70,-70,-104,-125,-126,-68,-91,-80,-71,-80,-270,-271,-29938,-12850,-29941,-29942,-29943,-29938,-29948,-29950,-5121,-7202,-5192,-5135,-29973,-29974]} 1. d4 Nf6 2. Nf3 c5 3. c3 d5 4. Bf4 Nc6 5. e3 Bg4 6. Nbd2 e6 7. Bd3 cxd4 8. exd4 Bd6 9. Bxd6 Qxd6 10. Qa4 O-O {B13: Caro-Kann: Exchange Variation and Panov-Botvinnik Attack.} 11. O-O a6 12. h3 Bh5 {The position is equal.} 13. Rfe1 b5 {[#]} 14. Qa3 $146 (14. Qb3 $11 {remains equal.}) ({Predecessor:} 14. Qb3 Nd7 15. Re3 Bg6 16. Rae1 Bxd3 17. Rxd3 Rfc8 18. a3 Rab8 19. Rde3 a5 20. Qd1 {0-1 (35) Reetz,H (1793)-Potthammel,J (1947) Mecklenburg VP 2000}) 14... Qxa3 $17 15. bxa3 Rfc8 16. Rac1 Nd7 17. g4 (17. Nh4 $142) 17... Bg6 18. Bf1 Nb6 $1 19. Nb3 {[#]} Na4 $1 20. Re3 h6 21. Nh4 Bh7 22. f4 Be4 23. f5 exf5 24. Nxf5 Bxf5 25. gxf5 Re8 26. Rce1 Kf8 27. Bg2 (27. Nc5 $142 Rxe3 28. Rxe3) 27... Rxe3 28. Rxe3 Ne7 29. Rf3 Rc8 30. f6 Ng6 31. fxg7+ Kxg7 32. Rf5 Nxc3 (32... Nh4 $142 33. Rxd5 Rxc3) 33. Bxd5 Nxd5 34. Rxd5 {[%mdl 4096] Endgame KRN-KRN} Nf4 35. Rd6 Rc2 36. Rxa6 Nxh3+ 37. Kf1 Rxa2 38. d5 Rf2+ 39. Ke1 {Black should prevent d6.} Rf5 40. d6 {With the idea d7.} Rd5 41. Nd2 Ng5 42. Nf1 Ne4 (42... Kf6 $17 43. Ne3 Re5) 43. Ne3 $1 $15 {[%cal Re3d5]} Rd3 44. Ke2 Rd2+ 45. Kf3 Ng5+ 46. Kf4 Ne6+ 47. Kf3 h5 48. Nf5+ Kf6 49. Ke3 {[#]} Rd1 ({Black should play} 49... Rd5 $1 $17 50. Nh4 Re5+ 51. Kd3 Nc5+ 52. Kd4 Ne6+ 53. Kd3 Nc5+ 54. Kd4 Nxa6) 50. Ng3 h4 51. Ne4+ Kg7 {aiming for ...h3.} 52. Nd2 $2 {Loses the game.} (52. Nf2 $17 {was called for.} Rd5 53. Ke4 Rd4+ 54. Ke3) 52... h3 $19 {White must now prevent ...h2.} 53. d7 $2 (53. Nf3 $19) 53... h2 54. Rxe6 h1=Q ({Weaker is} 54... fxe6 55. d8=Q $11) 55. d8=Q Qe1+ 56. Kf3 Qxe6 57. Qg5+ Qg6 58. Qe3 Rh1 59. Ke2 Qg2+ {Accuracy: White = 56%, Black = 77%.} 0-1

[Event "Skalica Rapid 2020"]
[Site "Skalica"]
[Date "2020.08.29"]
[Round "2.2"]
[White "Cedzo, Adam"]
[Black "Panko, Radoslav"]
[Result "0-1"]
[WhiteElo "1585"]
[BlackElo "2039"]
[Annotator "ChessBase"]
[PlyCount "90"]
[EventDate "2020.08.29"]
[EventType "swiss"]
[EventCountry "SVK"]
[SourceTitle "playchess.com"]
[Source "ChessBase"]
[SourceQuality "1"]
[TimeControl "600+5"]

1. e4 {[%emt 0:00:00]} e6 {[%emt 0:00:00]} 2. d4 {[%emt 0:00:02]} d5 {[%emt 0:00:00]} 3. exd5 {[%emt 0:00:01]} exd5 {[%emt 0:00:00]} 4. Nf3 {[%emt 0:00:24]} Nc6 {[%emt 0:00:02]} 5. Bf4 {[%emt 0:00:07]} Bg4 {[%emt 0:00:02]} 6. Bb5 {[%emt 0:00:07]} Bd6 {[%emt 0:00:05]} 7. Bxd6 {[%emt 0:00:44]} Qxd6 {[%emt 0:00:02]} 8. Bxc6+ {[%emt 0:00:13]} bxc6 {[%emt 0:00:16]} 9. c3 {[%emt 0:00:29]} Ne7 {[%emt 0:00:07]} 10. Nbd2 {[%emt 0:00:17]} Rb8 {[%emt 0:00:14]} 11. Qc2 {[%emt 0:00:03]} Qe6+ {[%emt 0:00:03]} 12. Kd1 {[%emt 0:00:24]} O-O {[%emt 0:00:31]} 13. Re1 {[%emt 0:00:13]} Qd6 {[%emt 0:00:08]} 14. h3 {[%emt 0:00:12]} Bf5 {[%emt 0:00:02]} 15. Qc1 {[%emt 0:00:25]} c5 {[%emt 0:00:13]} 16. dxc5 {[%emt 0:01:00]} Qxc5 {[%emt 0:00:02]} 17. Nb3 {[%emt 0:00:00]} Qd6 {[%emt 0:00:30]} 18. Nbd4 {[%emt 0:00:28]} c5 {[%emt 0:00:50]} 19. Nxf5 {[%emt 0:00:19]} Nxf5 {[%emt 0:00:03]} 20. Qd2 {[%emt 0:00:15]} d4 {[%emt 0:00:39]} 21. Re5 {[%emt 0:01:21]} Rxb2 {[%emt 0:00:47]} 22. Qd3 {[%emt 0:00:36]} dxc3 {[%emt 0:00:16]} 23. Rd5 {[%emt 0:00:13]} Qg6 {[%emt 0:00:49]} 24. Rxf5 {[%emt 0:02:11]} Qxg2 {[%emt 0:00:03]} 25. Ne1 {[%emt 0:00:27]} Qb7 {[%emt 0:01:54]} 26. Rxc5 {[%emt 0:00:59]} Rd2+ {[%emt 0:00:05]} 27. Qxd2 {[%emt 0:00:17]} cxd2 28. Kxd2 {[%emt 0:00:00]} Qb2+ {[%emt 0:00:10]} 29. Nc2 Rd8+ {[%emt 0:00:03]} 30. Ke2 {[%emt 0:00:08]} Qb7 {[%emt 0:00:21]} 31. Rc1 {[%emt 0:00:18]} g6 {[%emt 0:00:15]} 32. Ne3 {[%emt 0:00:01]} Qa6+ {[%emt 0:00:05]} 33. Kf3 {[%emt 0:00:08]} Qxa2 {[%emt 0:00:35]} 34. h4 {[%emt 0:00:01]} h5 {[%emt 0:00:18]} 35. R1c2 {[%emt 0:00:15]} Qa6 {[%emt 0:00:10]} 36. Nd5 {[%emt 0:00:08]} Qd3+ {[%emt 0:00:31]} 37. Ne3 {[%emt 0:00:01]} Rd7 {[%emt 0:00:23]} 38. R2c3 {[%emt 0:00:01]} Qd4 {[%emt 0:00:05]} 39. R3c4 {[%emt 0:00:16]} Qf6+ {[%emt 0:00:02]} 40. Ke2 {[%emt 0:00:02]} Qd6 {[%emt 0:00:17]} 41. Kf3 {[%emt 0:00:11]} Qd3 {[%emt 0:00:27]} 42. Rc3 {[%emt 0:00:01]} Qf1 {[%emt 0:00:03]} 43. R5c4 {[%emt 0:00:10]} Qh3+ {[%emt 0:00:04]} 44. Ke2 {[%emt 0:00:01]} Re7 {[%emt 0:00:19]} 45. Ra4 f5 {[%emt 0:00:19]} 0-1

[Event "Skalica Rapid 2020"]
[Site "Skalica"]
[Date "2020.08.29"]
[Round "2.3"]
[White "Pechac Jergus"]
[Black "Jablonicky Frantisek"]
[Result "1-0"]
[WhiteElo "2430"]
[BlackElo "2038"]
[Annotator "ChessBase"]
[PlyCount "61"]
[EventDate "2020.08.29"]
[EventType "swiss"]
[EventCountry "SVK"]
[SourceTitle "playchess.com"]
[Source "ChessBase"]
[SourceQuality "1"]
[TimeControl "600+5"]

1. d4 {[%emt 0:00:00]} f5 {[%emt 0:00:00]} 2. g3 {[%emt 0:00:00]} Nf6 {[%emt 0:00:00]} 3. Bg2 {[%emt 0:00:05]} g6 {[%emt 0:00:04]} 4. Nf3 {[%emt 0:00:00]} Bg7 {[%emt 0:00:01]} 5. O-O {[%emt 0:00:00]} O-O {[%emt 0:00:01]} 6. c4 {[%emt 0:00:01]} d6 {[%emt 0:00:00]} 7. Nc3 {[%emt 0:00:05]} Qe8 {[%emt 0:00:01]} 8. b3 {[%emt 0:00:00]} e5 {[%emt 0:00:00]} 9. dxe5 {[%emt 0:00:06]} dxe5 {[%emt 0:00:00]} 10. e4 {[%emt 0:00:03]} Nc6 {[%emt 0:00:26]} 11. Nd5 {[%emt 0:01:35]} Rf7 {[%emt 0:00:28]} 12. exf5 {[%emt 0:00:21]} gxf5 {[%emt 0:00:14]} 13. Bb2 {[%emt 0:00:10]} e4 {[%emt 0:00:51]} 14. Ng5 {[%emt 0:01:40]} Nxd5 {[%emt 0:00:20]} 15. cxd5 {[%emt 0:00:35]} Bxb2 {[%emt 0:03:40]} 16. Nxf7 {[%emt 0:00:16]} Bxa1 {[%emt 0:00:56]} 17. Qxa1 {[%emt 0:00:02]} Kxf7 {[%emt 0:00:21]} 18. dxc6 {[%emt 0:00:03]} Qxc6 {[%emt 0:00:08]} 19. Rc1 {[%emt 0:00:02]} Qd7 {[%emt 0:01:39]} 20. Rd1 {[%emt 0:00:32]} Qe8 {[%emt 0:00:15]} 21. Qc1 {[%emt 0:00:14]} Qe7 {[%emt 0:00:30]} 22. Qf4 {[%emt 0:00:47]} Kg6 {[%emt 0:00:58]} 23. g4 {[%emt 0:01:18]} Be6 {[%emt 0:00:01]} 24. gxf5+ {[%emt 0:00:19]} Bxf5 {[%emt 0:00:05]} 25. Kh1 {[%emt 0:00:03]} Rg8 {[%emt 0:00:08]} 26. Rc1 {[%emt 0:00:29]} Rc8 {[%emt 0:00:04]} 27. Rg1 {[%emt 0:00:05]} Kf6 {[%emt 0:00:09]} 28. Bh3 {[%emt 0:00:08]} Qe5 {[%emt 0:00:08]} 29. Qh6+ {[%emt 0:00:09]} Ke7 {[%emt 0:00:21]} 30. Rg7+ {[%emt 0:00:08]} Ke8 {[%emt 0:00:01]} 31. Qh5+ {[%emt 0:00:10]} 1-0

[Event "Skalica Rapid 2020"]
[Site "Skalica"]
[Date "2020.08.29"]
[Round "2.3"]
[White "Sobek, Michal"]
[Black "Pekar, Matus"]
[Result "1-0"]
[WhiteElo "2113"]
[BlackElo "1575"]
[Annotator "ChessBase"]
[PlyCount "43"]
[EventDate "2020.08.29"]
[EventType "swiss"]
[EventCountry "SVK"]
[SourceTitle "playchess.com"]
[Source "ChessBase"]
[SourceQuality "1"]
[TimeControl "600+5"]

1. e4 {[%emt 0:00:00]} d5 {[%emt 0:00:00]} 2. exd5 {[%emt 0:00:00]} Nf6 {[%emt 0:00:01]} 3. d4 {[%emt 0:00:07]} Nxd5 {[%emt 0:00:01]} 4. c4 {[%emt 0:00:04]} Nf6 {[%emt 0:00:06]} 5. Nf3 {[%emt 0:00:23]} Bf5 {[%emt 0:00:13]} 6. Nc3 {[%emt 0:00:06]} e6 {[%emt 0:00:09]} 7. Be2 {[%emt 0:00:13]} Be7 {[%emt 0:00:11]} 8. O-O {[%emt 0:00:06]} h6 {[%emt 0:00:13]} 9. b3 {[%emt 0:00:14]} O-O {[%emt 0:00:11]} 10. Bb2 {[%emt 0:00:01]} c6 {[%emt 0:00:46]} 11. Rc1 {[%emt 0:00:18]} Nbd7 {[%emt 0:00:04]} 12. Re1 {[%emt 0:01:05]} Re8 {[%emt 0:00:38]} 13. d5 {[%emt 0:00:09]} cxd5 {[%emt 0:00:38]} 14. cxd5 {[%emt 0:00:01]} exd5 {[%emt 0:00:45]} 15. Nxd5 {[%emt 0:00:02]} Nxd5 {[%emt 0:01:24]} 16. Qxd5 {[%emt 0:00:01]} Bg6 {[%emt 0:01:07]} 17. Red1 {[%emt 0:00:28]} Bf6 {[%emt 0:01:38]} 18. Bxf6 {[%emt 0:01:02]} Nxf6 {[%emt 0:00:05]} 19. Qxb7 {[%emt 0:00:03]} Qa5 {[%emt 0:00:20]} 20. Bc4 {[%emt 0:00:39]} Qxa2 {[%emt 0:00:39]} 21. Ne5 {[%emt 0:00:09]} Rf8 {[%emt 0:00:54]} 22. Nxg6 {[%emt 0:00:05]} 1-0

[Event "Skalica Rapid 2020"]
[Site "Skalica"]
[Date "2020.08.29"]
[Round "2.4"]
[White "O`gorman Tom"]
[Black "Yankelevich Lev"]
[Result "0-1"]
[WhiteElo "2027"]
[BlackElo "2388"]
[Annotator "TA"]
[PlyCount "128"]
[EventDate "2020.08.29"]
[EventType "swiss"]
[EventCountry "SVK"]
[SourceTitle "playchess.com"]
[Source "ChessBase"]
[SourceQuality "1"]

{[%evp 9,128,25,36,32,37,18,21,10,35,13,88,31,31,26,35,25,20,27,33,27,31,13,102,22,36,15,28,0,46,42,42,35,57,35,60,0,0,0,0,0,0,0,0,0,10,0,0,0,0,-6,0,0,0,0,0,-9,11,0,0,0,0,-113,-101,-96,-106,-99,-22,-78,-75,-150,-154,-195,-192,-198,-200,-195,-200,-220,-187,-210,-183,-202,-204,-233,-186,-159,-148,-255,-252,-441,-427,-495,-323,-479,-466,-397,-169,-340,-71,-58,-63,-293,-286,-263,-252,-12838,-12838,-12838,-12834,-1914,-332,-2187,-1981,-12845,-12846,-12846,-12847,-12847,-12847,-12850,-12848]} 1. d4 Nf6 2. Nf3 g6 3. Nbd2 d5 4. b4 c6 5. e3 Bg7 6. c4 {D02: 1 d4 d5 2 Nf3 sidelines, including 2...Nf6 3 g3 and 2...Nf6 3 Bf4.} O-O 7. Be2 a5 8. b5 {The position is equal.} a4 9. Ba3 {[#]} Bg4 $146 (9... dxc4 $11 10. Bxc4 cxb5 11. Bxb5 Qa5) ({Predecessor:} 9... cxb5 10. cxb5 Nbd7 11. O-O Re8 12. Rc1 Nb6 13. Ne5 e6 14. Qc2 Bf8 15. Bxf8 Rxf8 {½-½ (60) Mirzoev,A (2535)-Kessler,L (2432) Innsbruck 2017}) 10. O-O (10. bxc6 $16 Nxc6 11. O-O) 10... cxb5 $14 11. cxb5 Nbd7 12. h3 Bxf3 13. Nxf3 Ne4 14. Rc1 Re8 15. Bd3 Qa5 (15... e5 $11) 16. Qe1 (16. Qc2 $16) 16... Qb6 $11 17. Nd2 Nef6 18. Nf3 Bf8 19. Qc3 e6 20. Bxf8 Kxf8 21. Qc7 Re7 22. Rc2 (22. Qf4 $14) 22... Qxc7 23. Rxc7 Nb6 24. Rfc1 Ne8 25. R7c5 Nd6 26. Nd2 Rd8 27. f3 Nd7 28. Rc7 Nb6 29. R7c3 Rc8 30. Kf2 Ke8 31. g4 Kd8 32. Rc5 Nd7 33. R5c3 Rxc3 34. Rxc3 Nb6 35. Kg3 (35. Rc5 $11 {remains equal.}) 35... Rc7 $17 36. Nb1 Nbc4 37. Bxc4 Nxc4 {[%mdl 4096] Endgame KRN-KRN} (37... Rxc4 $17 38. Rxc4 dxc4) 38. Kf4 (38. e4 $11 {keeps the balance.}) 38... f6 39. g5 ({White should play} 39. Kg3) 39... e5+ 40. Kg3 exd4 ({But not} 40... fxg5 41. dxe5 Nxe5 42. Rxc7 $17) 41. exd4 fxg5 42. Rd3 h5 43. Nc3 Nd6 44. Kf2 Nf5 45. Ke2 Rc4 46. Kd2 Rxd4 47. Nxd5 Ke8 48. Kc3 (48. Nf6+ $17 Ke7 49. Ne4) 48... Rh4 $19 49. Nb6 $2 {[#]} (49. Nf6+ {only move.} Ke7 50. Ne4) 49... Rxh3 50. Nxa4 Rh1 51. Nc5 (51. Nb2 $142) 51... h4 52. Ne4 Rc1+ (52... h3 $142 {Threatens to win with ...h2.} 53. Nf2 Rh2) 53. Kb2 $2 {[#]} (53. Kb4) 53... Rf1 $2 (53... Rg1 $19 {and Black stays clearly on top. Hoping for ...h3.} 54. Rd2 h3) 54. Nxg5 $17 Rg1 55. Nh3 $2 {This move loses the game for White.} (55. f4 $15) 55... Rg3 $19 56. Nf2 h3 57. a4 $2 (57. Nxh3 Rxh3 58. a4) 57... h2 58. Kb3 Rg2 59. Nh1 Ng3 $2 (59... Rg1 60. Nf2 Rf1) 60. Rd1 $2 (60. a5 Rg1 61. Nf2 Rb1+ 62. Ka4) 60... Rg1 {Black is clearly winning.} 61. Nxg3 Rxd1 62. a5 Rg1 63. a6 bxa6 64. bxa6 Ra1 {Accuracy: White = 53%, Black = 70%.} 0-1

[Event "Skalica Rapid 2020"]
[Site "Skalica"]
[Date "2020.08.29"]
[Round "2.4"]
[White "Tupy, Emil"]
[Black "Stevik, Patrik"]
[Result "0-1"]
[WhiteElo "1538"]
[BlackElo "1895"]
[Annotator "NA"]
[PlyCount "76"]
[EventDate "2020.08.29"]
[EventType "swiss"]
[EventCountry "SVK"]
[SourceTitle "playchess.com"]
[Source "ChessBase"]
[SourceQuality "1"]
[TimeControl "600+5"]

1. Nf3 Nf6 {[%emt 0:00:04]} 2. d4 {[%emt 0:00:00]} e6 {[%emt 0:00:03]} 3. Bf4 {[%emt 0:00:04]} b6 {[%emt 0:00:02]} 4. g3 {[%emt 0:00:03]} Bb7 {[%emt 0:00:01]} 5. Bg2 {[%emt 0:00:01]} Be7 {[%emt 0:00:03]} 6. O-O {[%emt 0:00:02]} O-O {[%emt 0:00:02]} 7. Nc3 {[%emt 0:00:01]} c5 {[%emt 0:00:03]} 8. e3 {[%emt 0:00:09]} d5 {[%emt 0:00:03]} 9. Re1 {[%emt 0:00:10]} Nbd7 {[%emt 0:00:11]} 10. Nb5 {[%emt 0:00:29]} a6 {[%emt 0:00:00]} 11. Nc3 {[%emt 0:00:08]} b5 {[%emt 0:00:10]} 12. a3 {[%emt 0:00:05]} Rc8 {[%emt 0:00:03]} 13. Ne5 $17 {[%emt 0:00:44]} Nb6 {[%emt 0:01:07]} 14. h4 {[%emt 0:00:17]} Nc4 {[%emt 0:00:14]} 15. Nxc4 {[%emt 0:00:06]} bxc4 {[%emt 0:00:03]} 16. Bg5 {[%emt 0:00:25]} Qb6 {[%emt 0:00:25]} 17. Qd2 {[%emt 0:00:14]} Bc6 {[%emt 0:00:21]} 18. Rab1 {[%emt 0:00:08]} Rb8 {[%emt 0:00:12]} 19. dxc5 {[%emt 0:00:13]} Qxc5 {[%emt 0:00:09]} 20. b4 {[%emt 0:00:15]} cxb3 {[%emt 0:00:04]} 21. Rxb3 {[%emt 0:00:05]} Rxb3 {[%emt 0:00:07]} 22. cxb3 {[%emt 0:00:02]} Qxa3 {[%emt 0:00:02]} 23. Qc2 {[%emt 0:00:15]} h6 {[%emt 0:00:12]} 24. Bf4 {[%emt 0:00:07]} Rc8 {[%emt 0:00:16]} 25. Nb1 {[%emt 0:00:08]} Qa5 {[%emt 0:00:06]} 26. Rc1 {[%emt 0:00:22]} Ne4 {[%emt 0:00:14]} 27. Bxe4 {[%emt 0:00:11]} dxe4 {[%emt 0:00:01]} 28. Qd1 {[%emt 0:00:35]} Rd8 {[%emt 0:00:06]} 29. Qg4 {[%emt 0:00:19]} Bd5 {[%emt 0:00:41]} 30. Nc3 {[%emt 0:00:43]} Rc8 {[%emt 0:00:12]} 31. Ne2 {[%emt 0:00:27]} Rxc1+ {[%emt 0:00:02]} 32. Nxc1 {[%emt 0:00:01]} Qe1+ {[%emt 0:00:01]} 33. Kg2 {[%emt 0:00:04]} Qxc1 {[%emt 0:00:03]} 34. Bxh6 {[%emt 0:00:02]} Bf6 {[%emt 0:00:08]} 35. Bg5 {[%emt 0:00:15]} Qc3 {[%emt 0:00:06]} 36. Bxf6 {[%emt 0:00:12]} Qxf6 {[%emt 0:00:03]} 37. h5 {[%emt 0:00:08]} Bxb3 {[%emt 0:00:02]} 38. Qxe4 {[%emt 0:00:04]} Bd5 {[%emt 0:00:03]} 0-1

[Event "Skalica Rapid 2020"]
[Site "Skalica"]
[Date "2020.08.29"]
[Round "2.5"]
[White "Manik Mikulas"]
[Black "Havelka Ondrej"]
[Result "1-0"]
[WhiteElo "2313"]
[BlackElo "1997"]
[Annotator "ChessBase"]
[PlyCount "43"]
[EventDate "2020.08.29"]
[EventType "swiss"]
[EventCountry "SVK"]
[SourceTitle "playchess.com"]
[Source "ChessBase"]
[SourceQuality "1"]
[TimeControl "600+5"]

1. e4 {[%emt 0:00:00]} e6 {[%emt 0:00:00]} 2. d4 {[%emt 0:00:00]} d5 {[%emt 0:00:00]} 3. Nc3 {[%emt 0:00:00]} Nf6 {[%emt 0:00:00]} 4. e5 {[%emt 0:00:01]} Nfd7 {[%emt 0:00:00]} 5. f4 {[%emt 0:00:01]} c5 {[%emt 0:00:05]} 6. Nf3 {[%emt 0:00:01]} Nc6 {[%emt 0:00:00]} 7. Be3 {[%emt 0:00:01]} a6 {[%emt 0:00:00]} 8. Qd2 {[%emt 0:00:02]} b5 {[%emt 0:00:00]} 9. dxc5 {[%emt 0:00:05]} Bxc5 {[%emt 0:00:04]} 10. Bxc5 {[%emt 0:00:22]} Nxc5 {[%emt 0:00:02]} 11. Qf2 {[%emt 0:00:00]} Qb6 {[%emt 0:00:03]} 12. Bd3 {[%emt 0:00:00]} b4 {[%emt 0:00:28]} 13. Ne2 {[%emt 0:00:01]} a5 {[%emt 0:00:10]} 14. O-O {[%emt 0:00:15]} Ba6 {[%emt 0:00:25]} 15. f5 {[%emt 0:00:03]} Bxd3 {[%emt 0:01:18]} 16. cxd3 {[%emt 0:00:02]} Rb8 {[%emt 0:00:09]} 17. Nf4 {[%emt 0:00:20]} Ne7 {[%emt 0:01:37]} 18. Rac1 {[%emt 0:00:36]} Nd7 {[%emt 0:01:20]} 19. fxe6 {[%emt 0:00:08]} fxe6 {[%emt 0:00:15]} 20. Nd4 {[%emt 0:00:59]} Nxe5 {[%emt 0:02:03]} 21. Nfxe6 {[%emt 0:00:10]} g6 {[%emt 0:03:07]} 22. Qf6 {[%emt 0:00:26]} 1-0

[Event "Skalica Rapid 2020"]
[Site "Skalica"]
[Date "2020.08.29"]
[Round "2.5"]
[White "Grieve, Harry"]
[Black "Sperat Czar, Nicolas"]
[Result "1-0"]
[WhiteElo "1887"]
[BlackElo "1737"]
[Annotator "NA RC"]
[PlyCount "79"]
[EventDate "2020.08.29"]
[EventType "swiss"]
[EventCountry "SVK"]
[SourceTitle "playchess.com"]
[Source "ChessBase"]
[SourceQuality "1"]
[TimeControl "600+5"]

1. d4 {[%emt 0:00:00]} Nf6 {[%emt 0:01:00]} 2. Bg5 {[%emt 0:00:00]} d5 {[%emt 0:00:03]} 3. Bxf6 {[%emt 0:00:00]} exf6 {[%emt 0:00:04]} 4. e3 {[%emt 0:00:00]} Bd6 {[%emt 0:00:10]} 5. g3 {[%emt 0:00:02]} O-O {[%emt 0:00:04]} 6. Bg2 {[%emt 0:00:01] D00: 1 d4 d5: Unusual lines.} c6 {[%emt 0:00:10]} 7. Ne2 {[%emt 0:00:01]} Bf5 {[%emt 0:00:08]} 8. O-O {[%emt 0:00:04]} Nd7 {[%emt 0:00:15]} 9. b3 {[%emt 0:00:01]} Re8 {[%emt 0:00:16]} 10. c4 {[%emt 0:00:01]} dxc4 {[%emt 0:00:20]} 11. bxc4 {[%emt 0:00:02] [#]} Nf8 $146 {[%emt 0:00:11]} ({Predecessor:} 11... Be4 12. Bxe4 Rxe4 13. Nbc3 Re8 14. Rb1 b6 15. a4 f5 16. a5 bxa5 17. Qd3 g6 {1-0 (36) Grieve,H (2292)-Dijksterhuis,R (1958) Vale 2018}) 12. Nbc3 {[%emt 0:00:02]} Qd7 {[%emt 0:00:26]} 13. Qb3 {[%emt 0:00:25]} Rab8 {[%emt 0:00:28]} 14. Rfc1 {[%emt 0:00:11]} h5 {[%emt 0:00:30]} 15. a4 {[%emt 0:01:16]} h4 {[%emt 0:00:04]} 16. a5 {[%emt 0:00:02]} Bh3 {[%emt 0:00:39]} 17. Bh1 {[%emt 0:00:10]} Ne6 {[%emt 0:00:08]} 18. Qa4 {[%emt 0:01:32]} Ng5 {[%emt 0:00:27]} 19. c5 {[%emt 0:00:31]} Bc7 {[%emt 0:00:18]} 20. a6 {[%emt 0:00:01]} Qg4 {[%emt 0:00:14]} 21. Qd1 {[%emt 0:01:00]} hxg3 {[%emt 0:01:52]} 22. hxg3 $17 {[%emt 0:01:08]} (22. Nxg3 $142 Qh4 23. axb7) 22... Rxe3 {[%emt 0:00:59]} 23. fxe3 {[%emt 0:00:58]} Bxg3 24. Nf4 {[%emt 0:00:10]} Qh4 {[%emt 0:01:04]} 25. Ra2 {[%emt 0:00:52]} Bxf4 {[%emt 0:00:19]} 26. exf4 {[%emt 0:00:24]} Qg3+ {[%emt 0:00:03]} 27. Bg2 {[%emt 0:00:33]} Bg4 {[%emt 0:00:40]} 28. fxg5 {[%emt 0:01:17]} Bxd1 {[%emt 0:00:08]} 29. Nxd1 {[%emt 0:00:01]} Qxg5 30. Rac2 {[%emt 0:00:26]} bxa6 {[%emt 0:00:27]} 31. d5 {[%emt 0:00:01]} cxd5 {[%emt 0:00:10]} 32. c6 {[%emt 0:00:01]} d4 {[%emt 0:00:23]} 33. c7 Rc8 34. Nf2 {[%emt 0:00:15]} Qe3 {[%emt 0:00:14]} 35. Bh3 {[%emt 0:00:55]} d3 {[%emt 0:00:03]} 36. Bxc8 {[%emt 0:00:08]} dxc2 {[%emt 0:00:13]} 37. Rxc2 {[%emt 0:00:06]} Qb3 {[%emt 0:00:20]} 38. Bf5 {[%emt 0:00:06]} Qg3+ {[%emt 0:00:13]} 39. Kf1 {[%emt 0:00:01]} Qxc7 {[%emt 0:00:06]} 40. Rxc7 {[%emt 0:00:02]} 1-0

[Event "Skalica Rapid 2020"]
[Site "Skalica"]
[Date "2020.08.29"]
[Round "2.6"]
[White "Valenta Vit"]
[Black "Jablonicky Martin"]
[Result "1-0"]
[WhiteElo "1994"]
[BlackElo "2290"]
[Annotator "ChessBase"]
[PlyCount "101"]
[EventDate "2020.08.29"]
[EventType "swiss"]
[EventCountry "SVK"]
[SourceTitle "playchess.com"]
[Source "ChessBase"]
[SourceQuality "1"]
[TimeControl "600+5"]

1. b4 {[%emt 0:00:00]} d5 {[%emt 0:00:00]} 2. Bb2 {[%emt 0:00:00]} Qd6 {[%emt 0:00:01]} 3. a3 {[%emt 0:00:06]} e5 {[%emt 0:00:02]} 4. d3 {[%emt 0:00:05]} Be6 {[%emt 0:00:02]} 5. Nf3 {[%emt 0:00:10]} Nd7 {[%emt 0:00:02]} 6. Nbd2 {[%emt 0:00:15]} Ngf6 {[%emt 0:00:03]} 7. c4 {[%emt 0:00:05]} c6 {[%emt 0:00:03]} 8. e4 {[%emt 0:00:10]} d4 {[%emt 0:00:05]} 9. Be2 {[%emt 0:00:06]} Be7 {[%emt 0:00:04]} 10. O-O {[%emt 0:00:04]} Nh5 {[%emt 0:00:09]} 11. Nxd4 {[%emt 0:00:07]} Nf4 {[%emt 0:00:06]} 12. Nxe6 {[%emt 0:00:03]} fxe6 {[%emt 0:00:13]} 13. g3 {[%emt 0:00:11]} Nxd3 {[%emt 0:00:11]} 14. Bxd3 {[%emt 0:00:05]} Qxd3 {[%emt 0:00:03]} 15. Nf3 {[%emt 0:00:25]} Qxe4 {[%emt 0:00:19]} 16. Re1 {[%emt 0:00:05]} Qxc4 {[%emt 0:00:03]} 17. Qxd7+ {[%emt 0:00:04]} Kxd7 {[%emt 0:00:06]} 18. Nxe5+ {[%emt 0:00:01]} Ke8 {[%emt 0:00:02]} 19. Nxc4 {[%emt 0:00:02]} Kf7 {[%emt 0:00:06]} 20. Ne5+ {[%emt 0:00:15]} Ke8 {[%emt 0:00:00]} 21. Nf3 {[%emt 0:00:30]} Kf7 {[%emt 0:00:01]} 22. Rad1 {[%emt 0:00:03]} Rhd8 {[%emt 0:00:01]} 23. Kf1 {[%emt 0:00:04]} a5 {[%emt 0:00:01]} 24. Rxd8 {[%emt 0:00:13]} Bxd8 {[%emt 0:00:16]} 25. Bc3 {[%emt 0:00:16]} axb4 {[%emt 0:00:02]} 26. axb4 {[%emt 0:00:03]} Be7 {[%emt 0:00:13]} 27. Ne5+ {[%emt 0:00:11]} Ke8 {[%emt 0:00:02]} 28. Nc4 {[%emt 0:00:01]} Kf7 {[%emt 0:00:08]} 29. Ke2 {[%emt 0:00:18]} Ra4 {[%emt 0:00:15]} 30. Rb1 {[%emt 0:00:09]} g6 {[%emt 0:00:24]} 31. Rb3 {[%emt 0:00:03]} Ra2+ {[%emt 0:00:24]} 32. Kf3 {[%emt 0:00:02]} Ke8 {[%emt 0:00:12]} 33. Be5 {[%emt 0:00:07]} Ra4 {[%emt 0:00:10]} 34. Nd6+ {[%emt 0:00:06]} Kd7 {[%emt 0:00:26]} 35. Nxb7 {[%emt 0:00:21]} Bxb4 {[%emt 0:00:24]} 36. Nd6 {[%emt 0:00:21]} c5 {[%emt 0:00:30]} 37. Nc4 {[%emt 0:00:07]} Kc6 {[%emt 0:00:02]} 38. Ne3 {[%emt 0:00:21]} Kb5 {[%emt 0:00:06]} 39. Nc2 {[%emt 0:00:27]} Kc4 {[%emt 0:00:14]} 40. Rb1 {[%emt 0:00:12]} Kd3 {[%emt 0:00:24]} 41. Nxb4+ {[%emt 0:00:11]} cxb4 {[%emt 0:00:02]} 42. Bd6 {[%emt 0:00:09]} Kc4 {[%emt 0:00:01]} 43. Rxb4+ {[%emt 0:00:05]} Rxb4 {[%emt 0:00:03]} 44. Bxb4 {[%emt 0:00:02]} Kxb4 {[%emt 0:00:01]} 45. Ke4 {[%emt 0:00:06]} Kc3 {[%emt 0:00:01]} 46. Ke5 {[%emt 0:00:06]} Kd3 {[%emt 0:00:04]} 47. Kxe6 {[%emt 0:00:09]} Ke4 {[%emt 0:01:04]} 48. f4 {[%emt 0:00:12]} Kf3 {[%emt 0:00:04]} 49. Kf6 {[%emt 0:00:11]} Kg2 {[%emt 0:00:03]} 50. g4 {[%emt 0:00:01]} Kxh2 {[%emt 0:00:05]} 51. f5 {[%emt 0:00:16]} 1-0